One world and our knowledge of it: the problematic of realism in post-kantian perspective

Gardado en:
Detalles Bibliográficos
Autor Principal: Rosenberg, Jay F (Author)
Formato: Libro
Idioma:inglés
Publicado: Dordrecht D. Reidel 1980
Series:Philosophical Studies Series in Philosophy, 23
Subjects:
Tags: Engadir etiqueta
Sen Etiquetas, Sexa o primeiro en etiquetar este rexistro!

MARC

LEADER 00000nam a2200000 a 4500
001 UCZ4589
003 CL-VaPUC
008 951110e19800000NE |||||||||||||||||eng|d
082 0 4 |a 121  |b ROS  |2 21 
100 0 |a Rosenberg, Jay F  |e author  |9 348593 
245 1 0 |a One world and our knowledge of it: the problematic of realism in post-kantian perspective 
300 |a 209 p 
942 |c BK 
945 |d 19951110 00:00:00  |a cmena 
260 |a Dordrecht  |b D. Reidel  |c 1980 
650 0 |a Teoría del conocimiento   |9 255038 
650 0 |a Epistemología   |9 264994 
650 0 |a Realismo  |9 259117 
650 0 |a Idealismo  |9 265685 
650 0 |a Conciencia  |9 309452 
583 |a last modification  |c 20130320 11:50:08  |k Rodrigo Vera 
490 0 |a Philosophical Studies Series in Philosophy, 23 
999 |c 240959  |d 240957 
952 |0 0  |1 0  |4 0  |6 121_000000000000000_ROS_1980  |7 0  |8 P  |9 253089  |a BIBEDU  |b BIBEDU  |c BIBEDU_PB  |d 2019-11-19  |i 1596217  |o 121 ROS 1980  |p 1596217  |r 2024-01-25  |w 2019-11-19  |y BK  |k FIL